General José Joaquín Mora, el caudillo olvidado/
En este artículo se rescatan aspectos biográficos, así como méritos y aportes militares del general costarricense José Joaquín Mora Porras, uno de los grandes olvidados héroes de la Campaña Nacional (1856-1857), quien como comandante generalísimo de los ejércitos aliados guiara a los ejércitos centr...
保存先:
| 第一著者: | |
|---|---|
| フォーマット: | 図書 |
| 言語: | Spanish |
| 主題: | |
| タグ: |
タグ追加
タグなし, このレコードへの初めてのタグを付けませんか!
|
MARC
| LEADER | 00000nam a22000007a 4500 | ||
|---|---|---|---|
| 003 | cru CIDCACS/IIS | ||
| 005 | 20180115143229.0 | ||
| 007 | ta | ||
| 008 | 171123s2010 cr |||p|r|||| 00| 0 spa d | ||
| 999 | |c 40647 |d 40647 | ||
| 040 | |c cru CIDCACS/IIS | ||
| 100 | 1 | |9 6086 |a Leitón Meneses, Fernando Alberto | |
| 245 | 1 | |a General José Joaquín Mora, el caudillo olvidado/ |c Fernando Leitón Meneses | |
| 300 | |a páginas 17-24: |b fotos, ilustraciones | ||
| 520 | |a En este artículo se rescatan aspectos biográficos, así como méritos y aportes militares del general costarricense José Joaquín Mora Porras, uno de los grandes olvidados héroes de la Campaña Nacional (1856-1857), quien como comandante generalísimo de los ejércitos aliados guiara a los ejércitos centroamericanos a la capitulación del filibustero William Walker. La memorable victoria obtenida y los episodios que llevaron a ella están particularmente asociados con este caudillo que, en favor del país, aceptó tomar la ya arcaica y pobremente preparada fuerza militar costarricense para transformarla en la más digna tropa, “ejemplo de moralidad, disciplina y valor”, como lo referirían durante y después de la guerra los militares centroamericanos, en reconocimiento a los sencillos y valerosos soldados. De manera que se rescatan los orígenes de Mora, sus principales actividades económicas, su carrera militar y su actuación en la guerra nacional de Costa Rica y Centroamérica; así como se busca hacer justicia a sus méritos y se resalta su infausto final. KDV/150118 | ||
| 650 | 1 | 0 | |9 631 |a BIOGRAFIAS |
| 650 | 1 | 0 | |9 136 |a HISTORIA |
| 650 | 0 | |9 4913 |a HÉROES | |
| 650 | 1 | 0 | |9 378 |a GUERRA |
| 650 | 4 | |9 1934 |a MILITARISMO | |
| 650 | 1 | 0 | |9 70 |a FUERZAS ARMADAS |
| 651 | 1 | 0 | |9 32 |a COSTA RICA |
| 651 | 1 | 0 | |9 128 |a AMERICA CENTRAL |
| 773 | 0 | |0 40594 |9 1634 |a Instituto Tecnológico de Costa Rica |d Costa Rica, Escuela de Ciencias del Lenguaje del ITCR, |o 13505 |t Revista Comunicación / |x 03793974 | |
| 942 | |2 ddc |c PP | ||
